A revolutionary for our times = Un revolucionario para nuestros días /

Saved in:
Bibliographic Details
Main Author: Bronner, Stephen Eric, 1949-
Format: Unknown
Language:Spanish
English
Published: Londres : Pluto Press, 1981.
Subjects:
Tags: Add Tag
No Tags, Be the first to tag this record!

MARC

LEADER 000000000a22000000004500
001 012553
008 180209b xxu||||| |||| 00| 0 spa d
041 0 |a eng 
082 0 4 |a 335.4   |b B869r 
100 1 |a Bronner, Stephen Eric,   |d 1949- 
245 1 0 |a A revolutionary for our times =   |b Un revolucionario para nuestros días /   |c Stephen Eric Bronner. 
246 3 1 |a Un revolucionario para nuestros días 
260 1 |a Londres :   |b Pluto Press,   |c 1981. 
300 |a 130 páginas ;   |c 20 cm 
650 4 |a SOCIALISTAS 
650 4 |a ALEMANIA 
650 4 |a BIOGRAFIA 
942 |c BK  |2 ddc 
999 |c 18513  |d 18513